|
|
|
|
| LEADER |
00000nab a2200000 a 4500 |
| 001 |
vtls000584574 |
| 003 |
SK-MaSNL |
| 005 |
20260303011358.0 |
| 008 |
160202c1996 xo 0 slo |
| 015 |
|
|
|a SNBRB19rr/mm-uuuuu
|
| 035 |
|
|
|a CL0584713
|
| 040 |
|
|
|a SNKBUCL
|b slo
|c SNKBUCL
|e AACR2
|
| 041 |
0 |
|
|a slo
|
| 044 |
|
|
|a xo
|c SK
|
| 080 |
|
|
|a 351.778.5(437.6):338.23(437.6)
|2 1981
|
| 080 |
|
|
|a 338.23(437.6)
|2 1981
|
| 080 |
|
|
|a 332.8(437.6)
|2 1981
|
| 100 |
1 |
|
|a Szabo, Alexander
|4 aut
|9 309538
|
| 245 |
1 |
0 |
|a Prostriedky sa uvoľňujú, legislatíva mešká
|b Ako sa realizuje koncepcia štátnej bytovej politiky
|c Alexander Szabo
|
| 650 |
0 |
7 |
|a politika bytová štátna
|2 snkbucl
|9 899610
|
| 655 |
|
7 |
|a články z novín a časopisov
|2 snkbucl
|9 267496
|
| 773 |
0 |
|
|t Slovenská republika
|g Roč. 4, č. 119 (23. 5. 1996)
|
| 773 |
0 |
|
|t [Príl.] Slovensko do toho!
|g Roč. 2, č. 21 (1996), s. 2
|
| 850 |
|
|
|a Slovenská národná knižnica v Martine
|a MTA001
|
| 852 |
|
|
|a SNK
|b KIS3GCP
|
| 958 |
|
|
|a RK
|
| 958 |
|
|
|a SK
|
| 992 |
|
|
|a RBX
|
| 999 |
|
|
|c 1591821
|d 1593751
|